|
|
|
|
| LEADER |
01440nam a22003854a 4500 |
| 001 |
EBC491318 |
| 003 |
MiAaPQ |
| 005 |
20200520144314.0 |
| 006 |
m o d | |
| 007 |
cr cn||||||||| |
| 008 |
031204s2004 ctua sb 001 0 eng |
| 010 |
|
|
|z 2003026529
|
| 020 |
|
|
|z 1567205739 (academic : alk. paper)
|
| 035 |
|
|
|a (MiAaPQ)EBC491318
|
| 035 |
|
|
|a (Au-PeEL)EBL491318
|
| 035 |
|
|
|a (CaPaEBR)ebr10362972
|
| 035 |
|
|
|a (CaONFJC)MIL241775
|
| 035 |
|
|
|a (OCoLC)61249420
|
| 040 |
|
|
|a MiAaPQ
|c MiAaPQ
|d MiAaPQ
|
| 043 |
|
|
|a as-----
|
| 050 |
|
4 |
|a HG5740.8.A3
|b R44 2004
|
| 082 |
0 |
4 |
|a 332/.095
|2 22
|
| 245 |
0 |
0 |
|a Regional financial markets
|h [electronic resource] :
|b issues and policies /
|c edited by Dilip K. Ghosh and Mohamed Ariff.
|
| 260 |
|
|
|a Westport, Conn. :
|b Praeger,
|c 2004.
|
| 300 |
|
|
|a xiii, 318 p. :
|b ill.
|
| 504 |
|
|
|a Includes bibliographical references and index.
|
| 533 |
|
|
|a Electronic reproduction. Ann Arbor, MI : ProQuest, 2015. Available via World Wide Web. Access may be limited to ProQuest affiliated libraries.
|
| 650 |
|
0 |
|a Capital market
|z Southeast Asia.
|
| 650 |
|
0 |
|a Finance
|z Southeast Asia.
|
| 650 |
|
0 |
|a Financial crises
|z Southeast Asia.
|
| 655 |
|
4 |
|a Electronic books.
|
| 700 |
1 |
|
|a Ghosh, Dilip K.
|q (Dilip Kumar),
|d 1942-
|
| 700 |
0 |
|
|a Mohamed Ariff,
|d 1940-
|
| 710 |
2 |
|
|a ProQuest (Firm)
|
| 856 |
4 |
0 |
|u https://ebookcentral.proquest.com/lib/matrademy/detail.action?docID=491318
|z Click to View
|